[Event "North American op"]
[Site "Las Vegas USA"]
[Date "2008.12.28"]
[Round "5.6"]
[White "Cicak, Slavko"]
[Black "Hansen, Eric"]
[Result "1-0"]
[WhiteElo "2664"]
[BlackElo "2345"]
[PlyCount "63"]
[GameId "2129405090256519"]
[EventDate "2008.12.26"]
[EventType "swiss"]
[EventRounds "7"]
[EventCountry "USA"]

1. e4 c5 2. Nf3 d6 3. Bc4 Nf6 4. c3 Nc6 5. d4 g6 6. dxc5 dxc5 7. Qe2 Bg7 8. O-O O-O 9. e5 Nd5 10. Rd1 e6 11. Bb5 Qc7 12. Bxc6 Qxc6 13. c4 Ne7 14. Nc3 Nf5 15. Ne4 b6 16. Nd6 Bb7 17. Nxb7 Qxb7 18. Bg5 h6 19. Bf6 Bxf6 20. exf6 Rad8 21. Rd3 Qc7 22. Rad1 Rxd3 23. Qxd3 Qf4 24. g3 Qg4 25. Kg2 Nd4 26. h3 Qxf3+ 27. Qxf3 Nxf3 28. Kxf3 Kh7 29. h4 g5 30. h5 Ra8 31. Rd7 Kg8 32. a4 1-0

[Event "North American op"]
[Site "Las Vegas USA"]
[Date "2008.12.29"]
[Round "6.15"]
[White "Hansen, Eric"]
[Black "Moskow, Eric"]
[Result "1-0"]
[WhiteElo "2345"]
[BlackElo "2235"]
[PlyCount "95"]
[GameId "2129405090256538"]
[EventDate "2008.12.26"]
[EventType "swiss"]
[EventRounds "7"]
[EventCountry "USA"]

1. c4 Nf6 2. Nc3 g6 3. Nf3 Bg7 4. g3 O-O 5. Bg2 d6 6. O-O Nc6 7. Rb1 Bf5 8. d3 Qd7 9. Re1 Bh3 10. Bh1 h6 11. b4 Ng4 12. Bd2 Qf5 13. Nd5 Qd7 14. Nf4 Nf6 15. b5 Nd8 16. Nxh3 Qxh3 17. Bg2 Qd7 18. Qc1 Kh7 19. c5 d5 20. c6 bxc6 21. Ne5 Qe6 22. Nxc6 Nxc6 23. Qxc6 Qxc6 24. bxc6 Rfc8 25. Rb7 e6 26. Ba5 Ne8 27. e4 dxe4 28. dxe4 Bd4 29. Reb1 Bb6 30. Be1 Kg8 31. a4 a5 32. Bd2 Rd8 33. Bxh6 Rd3 34. Bf1 Rc3 35. e5 Rc8 36. Ba6 Rd8 37. Bg5 Rd5 38. Rb8 Kf8 39. Bf6 Rd2 40. R1xb6 cxb6 41. Bb5 Rb2 42. Kg2 Rc5 43. Kh3 Rbc2 44. Rc8 Rb2 45. Bd8 Rxe5 46. Bxb6 Rexb5 47. axb5 Rxb5 48. c7 1-0

[Event "North American op"]
[Site "Las Vegas USA"]
[Date "2008.12.29"]
[Round "7.8"]
[White "Sarkar, Justin"]
[Black "Hansen, Eric"]
[Result "0-1"]
[WhiteElo "2517"]
[BlackElo "2345"]
[PlyCount "67"]
[GameId "2129405090256551"]
[EventDate "2008.12.26"]
[EventType "swiss"]
[EventRounds "7"]
[EventCountry "USA"]

1. d4 Nf6 2. c4 e6 3. Nc3 Bb4 4. Qc2 O-O 5. e4 d5 6. e5 Ne4 7. Bd3 c5 8. Nge2 Nc6 9. cxd5 exd5 10. O-O Bxc3 11. bxc3 cxd4 12. Ba3 Re8 13. cxd4 Qa5 14. Qb2 Bf5 15. Rfd1 Bg6 16. h4 Qd8 17. f3 Qxh4 18. fxe4 dxe4 19. Bb5 Bh5 20. Bxc6 bxc6 21. Rf1 Rab8 22. Qc2 Bf3 23. Rf2 Re6 24. Rb1 Rd8 25. Bc1 Rg6 26. Be3 h5 27. Nf4 Rg4 28. Qxc6 g5 29. Nd5 Rxd5 30. Qxd5 Qh3 31. Rbb2 Bxg2 32. Rxg2 Qxe3+ 33. Kf1 Qc1+ 34. Ke2 0-1

[Event "WYCC U16"]
[Site "Vung Tau VIE"]
[Date "2008.10.20"]
[Round "1"]
[White "Hansen, Eric"]
[Black "Martchenko, Alexander"]
[Result "1-0"]
[WhiteElo "2362"]
[BlackElo "2039"]
[PlyCount "55"]
[GameId "2129405091866216"]
[EventDate "2008.10.20"]
[EventType "swiss"]
[EventRounds "11"]
[EventCountry "VIE"]
[SourceTitle "The Week in Chess 730"]
[Source "Mark Crowther"]
[SourceDate "2008.11.03"]
[SourceVersion "1"]
[SourceVersionDate "2008.11.03"]
[SourceQuality "2"]

1. e4 d5 2. exd5 Nf6 3. d4 Nxd5 4. c4 Nb6 5. Nc3 e5 6. d5 c6 7. Nf3 cxd5 8. cxd5 Bd6 9. Bb5+ N8d7 10. Ne4 Qe7 11. O-O O-O 12. Re1 a6 13. Bf1 f5 14. Bg5 Nf6 15. Nxd6 Qxd6 16. Rxe5 Bd7 17. Qd4 Rad8 18. Rae1 h6 19. Bf4 Nfxd5 20. Rxd5 Qxd5 21. Qxb6 Bc6 22. Ne5 Rde8 23. h4 g5 24. b3 Kh8 25. Qc7 gxf4 26. Ng6+ Kg8 27. Rxe8 Rxe8 28. Bc4 1-0

[Event "WYCC U16"]
[Site "Vung Tau VIE"]
[Date "2008.10.21"]
[Round "2"]
[White "Mai, Lloyd"]
[Black "Hansen, Eric"]
[Result "1-0"]
[WhiteElo "2150"]
[BlackElo "2362"]
[PlyCount "69"]
[GameId "2129405091866257"]
[EventDate "2008.10.20"]
[EventType "swiss"]
[EventRounds "11"]
[EventCountry "VIE"]
[SourceTitle "The Week in Chess 730"]
[Source "Mark Crowther"]
[SourceDate "2008.11.03"]
[SourceVersion "1"]
[SourceVersionDate "2008.11.03"]
[SourceQuality "2"]

1. e4 c5 2. Nf3 e6 3. d3 Nc6 4. g3 d5 5. Nbd2 Nf6 6. Bg2 Be7 7. O-O O-O 8. Re1 b5 9. e5 Nd7 10. Nf1 a5 11. h4 b4 12. Bf4 a4 13. Ng5 Qe8 14. Nh2 Ba6 15. Qh5 h6 16. Ng4 Bxg5 17. hxg5 f5 18. Nxh6+ gxh6 19. Qxh6 Nb6 20. g6 Ra7 21. Bg5 Rg7 22. Bf6 Rxf6 23. exf6 Rxg6 24. Qe3 Nd4 25. c3 Nc2 26. Qxe6+ Qxe6 27. Rxe6 Nxa1 28. Rxb6 a3 29. Bxd5+ Kh7 30. f7 Rxb6 31. f8=Q axb2 32. Bg8+ Kg6 33. Qf7+ Kh6 34. Qh7+ Kg5 35. f4+ 1-0

[Event "WYCC U16"]
[Site "Vung Tau VIE"]
[Date "2008.10.22"]
[Round "3"]
[White "Hansen, Eric"]
[Black "Koohestani, Shahin"]
[Result "1-0"]
[WhiteElo "2362"]
[BlackElo "2146"]
[PlyCount "47"]
[GameId "2129405091866290"]
[EventDate "2008.10.20"]
[EventType "swiss"]
[EventRounds "11"]
[EventCountry "VIE"]
[SourceTitle "The Week in Chess 730"]
[Source "Mark Crowther"]
[SourceDate "2008.11.03"]
[SourceVersion "1"]
[SourceVersionDate "2008.11.03"]
[SourceQuality "2"]

1. e4 c5 2. Nf3 d6 3. d4 cxd4 4. Nxd4 Nf6 5. Nc3 a6 6. Be2 e6 7. O-O Qc7 8. f4 Be7 9. Kh1 Nc6 10. Bf3 Bd7 11. Nb3 Rc8 12. Be3 Na5 13. Nxa5 Qxa5 14. Qd2 Bc6 15. Qf2 O-O 16. Bb6 Qb4 17. a3 Qxb2 18. Bd4 Bxe4 19. Nxe4 Nxe4 20. Bxe4 Qb5 21. Rab1 Qa4 22. Rxb7 d5 23. Bd3 Bxa3 24. Be5 1-0

[Event "WYCC U16"]
[Site "Vung Tau VIE"]
[Date "2008.10.22"]
[Round "4"]
[White "Soors, Stef"]
[Black "Hansen, Eric"]
[Result "1-0"]
[WhiteElo "2176"]
[BlackElo "2362"]
[PlyCount "95"]
[GameId "2129405091866342"]
[EventDate "2008.10.20"]
[EventType "swiss"]
[EventRounds "11"]
[EventCountry "VIE"]
[SourceTitle "The Week in Chess 730"]
[Source "Mark Crowther"]
[SourceDate "2008.11.03"]
[SourceVersion "1"]
[SourceVersionDate "2008.11.03"]
[SourceQuality "2"]

1. d4 d5 2. c4 c6 3. Nf3 Nf6 4. e3 a6 5. Bd3 b5 6. cxd5 cxd5 7. Nbd2 Bg4 8. a4 b4 9. Qb3 Nbd7 10. Ne5 Nxe5 11. dxe5 Nd7 12. Qxd5 Nxe5 13. Qxd8+ Kxd8 14. Be2 e6 15. f3 Bf5 16. e4 Bg6 17. Nb3 Bd6 18. Be3 f6 19. Kf2 Ke7 20. Rhc1 a5 21. Nd4 Rhc8 22. Nb5 Nd7 23. Nxd6 Kxd6 24. Bb5 Be8 25. Ke2 e5 26. Rd1+ Ke7 27. Rac1 Nf8 28. Bc5+ Rxc5 29. Rxc5 Ne6 30. Rdd5 Nf4+ 31. Kd2 Nxd5 32. Rxd5 Bf7 33. Rd7+ Kf8 34. Bc6 Be8 35. Rc7 Rd8+ 36. Kc2 Bf7 37. Bb5 Ra8 38. Bc4 Be8 39. Kb3 h6 40. Bd5 Ra6 41. h3 g5 42. g3 Bh5 43. g4 Be8 44. Rh7 Bg6 45. Rh8+ Kg7 46. Rg8+ Kh7 47. Rc8 Ra7 48. Kc4 1-0

[Event "WYCC U16"]
[Site "Vung Tau VIE"]
[Date "2008.10.23"]
[Round "5"]
[White "Hansen, Eric"]
[Black "Forato, Enrico"]
[Result "1/2-1/2"]
[WhiteElo "2362"]
[BlackElo "2109"]
[PlyCount "49"]
[GameId "2129405091866364"]
[EventDate "2008.10.20"]
[EventType "swiss"]
[EventRounds "11"]
[EventCountry "VIE"]
[SourceTitle "The Week in Chess 730"]
[Source "Mark Crowther"]
[SourceDate "2008.11.03"]
[SourceVersion "1"]
[SourceVersionDate "2008.11.03"]
[SourceQuality "2"]

1. e4 c5 2. Nf3 d6 3. d4 cxd4 4. Nxd4 Nf6 5. Nc3 a6 6. Be2 e6 7. O-O Be7 8. f4 O-O 9. Bf3 Qc7 10. Kh1 Nc6 11. Nb3 Rd8 12. Be3 b5 13. Qe1 Bb7 14. Qf2 Nd7 15. f5 Bf6 16. fxe6 fxe6 17. Bg4 Re8 18. Qg3 Nce5 19. Nd4 Nxg4 20. Qxg4 Ne5 21. Qg3 Qe7 22. b3 Rac8 23. Nce2 Nc6 24. Qg4 Ne5 25. Qg3 1/2-1/2

[Event "WYCC U16"]
[Site "Vung Tau VIE"]
[Date "2008.10.24"]
[Round "6"]
[White "Schnegg, Daniel"]
[Black "Hansen, Eric"]
[Result "0-1"]
[WhiteElo "2117"]
[BlackElo "2362"]
[PlyCount "70"]
[GameId "2129405091866415"]
[EventDate "2008.10.20"]
[EventType "swiss"]
[EventRounds "11"]
[EventCountry "VIE"]
[SourceTitle "The Week in Chess 730"]
[Source "Mark Crowther"]
[SourceDate "2008.11.03"]
[SourceVersion "1"]
[SourceVersionDate "2008.11.03"]
[SourceQuality "2"]

1. e4 c5 2. Nf3 e6 3. d4 cxd4 4. Nxd4 a6 5. Nc3 Qc7 6. Bd3 Nf6 7. O-O Nc6 8. Nxc6 dxc6 9. f4 e5 10. f5 b5 11. Bg5 Be7 12. a3 Bb7 13. Qf3 h6 14. Be3 Rd8 15. Rad1 c5 16. Nd5 Bxd5 17. exd5 c4 18. Be4 Bc5 19. Kh1 Bxe3 20. Qxe3 O-O 21. b4 cxb3 22. cxb3 Qe7 23. b4 Rd7 24. Rfe1 Rfd8 25. Bf3 e4 26. Kg1 Rxd5 27. Rxd5 Rxd5 28. Rd1 Rxd1+ 29. Bxd1 Qd7 30. Bb3 Ng4 31. Qf4 Qd4+ 32. Kf1 Ne3+ 33. Ke2 Qd3+ 34. Kf2 Qd2+ 35. Kg3 Qxg2+ 0-1

[Event "WYCC U16"]
[Site "Vung Tau VIE"]
[Date "2008.10.26"]
[Round "7"]
[White "Hansen, Eric"]
[Black "Nuri, Kambez"]
[Result "1-0"]
[WhiteElo "2362"]
[BlackElo "2179"]
[PlyCount "61"]
[GameId "2129405091866437"]
[EventDate "2008.10.20"]
[EventType "swiss"]
[EventRounds "11"]
[EventCountry "VIE"]
[SourceTitle "The Week in Chess 730"]
[Source "Mark Crowther"]
[SourceDate "2008.11.03"]
[SourceVersion "1"]
[SourceVersionDate "2008.11.03"]
[SourceQuality "2"]

1. e4 e5 2. Nf3 Nc6 3. Bc4 Bc5 4. c3 Nf6 5. d3 a6 6. O-O Ba7 7. Nbd2 O-O 8. Bb3 d6 9. h3 Ne7 10. Re1 Ng6 11. Nf1 h6 12. Ng3 b5 13. a4 Bb7 14. Nf5 d5 15. exd5 Nxd5 16. Nxe5 Qf6 17. Bxd5 Bxd5 18. Qh5 Rfe8 19. d4 Bxg2 20. Bxh6 Nxe5 21. dxe5 Qg6 22. Qxg6 fxg6 23. Nxg7 Rf8 24. Kxg2 Rxf2+ 25. Kh1 Kh7 26. e6 Raf8 27. Re4 Kxh6 28. e7 R8f3 29. Rh4+ Kg5 30. Rh8 Kf4 31. Rf8+ 1-0

[Event "WYCC U16"]
[Site "Vung Tau VIE"]
[Date "2008.10.27"]
[Round "8"]
[White "Rojas Alarcon, Julian Antonio"]
[Black "Hansen, Eric"]
[Result "0-1"]
[WhiteElo "2187"]
[BlackElo "2362"]
[PlyCount "85"]
[GameId "2129405091874682"]
[EventDate "2008.10.20"]
[EventType "swiss"]
[EventRounds "11"]
[EventCountry "VIE"]
[SourceTitle "The Week in Chess 730"]
[Source "Mark Crowther"]
[SourceDate "2008.11.03"]
[SourceVersion "1"]
[SourceVersionDate "2008.11.03"]
[SourceQuality "2"]

1. c4 c5 2. Nf3 Nc6 3. Nc3 e5 4. e3 Nf6 5. a3 d6 6. Qc2 Be7 7. b3 O-O 8. Bb2 Re8 9. O-O-O a6 10. d4 cxd4 11. exd4 exd4 12. Nxd4 Qa5 13. h4 Bd7 14. Be2 b5 15. cxb5 Nxd4 16. Rxd4 axb5 17. b4 Qb6 18. Rhd1 Bc6 19. g4 Rec8 20. Kb1 Bf8 21. Qf5 Nd7 22. h5 g6 23. hxg6 hxg6 24. Qf4 Bg7 25. R4d2 Bxc3 26. Bxc3 Be4+ 27. Kb2 Rxc3 28. Kxc3 Qc6+ 29. Kb2 Nb6 30. Qf6 Re8 31. Bxb5 Qxb5 32. f4 Nc4+ 33. Kc3 Nxd2 34. Rxd2 Qc6+ 35. Kb2 Re6 36. Qd8+ Kg7 37. Rh2 Re8 38. Qh4 Rc8 39. Qh6+ Kf6 40. g5+ Ke7 41. Qg7 Qc1+ 42. Kb3 Qd1+ 43. Kb2 0-1

[Event "WYCC U16"]
[Site "Vung Tau VIE"]
[Date "2008.10.28"]
[Round "9"]
[White "Hansen, Eric"]
[Black "Kocheev, Aleksandr"]
[Result "1-0"]
[WhiteElo "2362"]
[BlackElo "2114"]
[PlyCount "93"]
[GameId "2129405091874704"]
[EventDate "2008.10.20"]
[EventType "swiss"]
[EventRounds "11"]
[EventCountry "VIE"]
[SourceTitle "The Week in Chess 730"]
[Source "Mark Crowther"]
[SourceDate "2008.11.03"]
[SourceVersion "1"]
[SourceVersionDate "2008.11.03"]
[SourceQuality "2"]

1. e4 Nf6 2. e5 Nd5 3. d4 d6 4. Nf3 Bg4 5. Be2 c6 6. h3 Bxf3 7. Bxf3 dxe5 8. dxe5 e6 9. O-O Nd7 10. Qe2 Qc7 11. Re1 Bc5 12. Nd2 O-O 13. Nb3 Rad8 14. Nxc5 Nxc5 15. Bg5 Rd7 16. Qc4 b6 17. Rad1 a5 18. Qg4 Kh8 19. Qh4 f6 20. exf6 Nxf6 21. Rxd7 Qxd7 22. Rd1 Qc7 23. Be3 Ncd7 24. c4 c5 25. Qf4 e5 26. Qf5 Re8 27. Be4 Nf8 28. Bc2 Ne6 29. Ba4 Re7 30. Qf3 e4 31. Qf5 Nd4 32. Bxd4 cxd4 33. Rxd4 e3 34. fxe3 Rxe3 35. Qf4 Re1+ 36. Kh2 Qxf4+ 37. Rxf4 Re2 38. b3 Rxa2 39. Rd4 g5 40. Rd6 Nh5 41. Rxb6 Nf4 42. Bc6 Kg7 43. Rb7+ Kg8 44. Be4 h6 45. c5 Re2 46. c6 Ne6 47. Bd5 1-0

[Event "World op"]
[Site "Philadelphia USA"]
[Date "2008.07.02"]
[Round "1"]
[White "Swathi, Ghate"]
[Black "Hansen, Eric"]
[Result "1-0"]
[WhiteElo "2351"]
[BlackElo "2268"]
[PlyCount "105"]
[GameId "2129405095560051"]
[EventDate "2008.07.02"]
[EventType "swiss"]
[EventRounds "9"]
[EventCountry "USA"]
[SourceTitle "The Week in Chess 713"]
[Source "Mark Crowther"]
[SourceDate "2008.07.08"]
[SourceVersion "1"]
[SourceVersionDate "2008.07.08"]
[SourceQuality "2"]

1. e4 e6 2. d4 d5 3. Nc3 Bb4 4. e5 Ne7 5. a3 Bxc3+ 6. bxc3 b6 7. Qg4 Ng6 8. h4 h5 9. Qg3 Ba6 10. Bxa6 Nxa6 11. Nf3 Qd7 12. a4 Nb8 13. a5 Nc6 14. axb6 cxb6 15. Ng5 Nce7 16. Qd3 f6 17. exf6 gxf6 18. Nf3 Kf7 19. O-O Nf5 20. g3 Rhg8 21. Kh2 Rac8 22. Bd2 Nd6 23. Rfb1 Ne4 24. Be1 Rc7 25. Rb3 Rgc8 26. Rba3 a5 27. Rb3 Rb7 28. Qa6 Rcb8 29. Nd2 Ra7 30. Qe2 a4 31. Rb4 Nxc3 32. Qxh5 Rh8 33. Qf3 Qc7 34. Kg1 Rg8 35. Ra3 Ne4 36. Nxe4 dxe4 37. Qxe4 f5 38. Qe2 Nf4 39. Qf3 Nd5 40. Rbxa4 Rxa4 41. Rxa4 Nf6 42. Qa3 Rb8 43. c4 f4 44. Bd2 fxg3 45. fxg3 Qd7 46. Ra7 Rb7 47. Rxb7 Qxb7 48. Qd3 Qa6 49. Bg5 Qa1+ 50. Kg2 Qa2+ 51. Kg1 Qa1+ 52. Qf1 Qxd4+ 53. Kh2 1-0

[Event "World op"]
[Site "Philadelphia USA"]
[Date "2008.07.03"]
[Round "2"]
[White "Hansen, Eric"]
[Black "Kleiman, Jake"]
[Result "1/2-1/2"]
[WhiteElo "2268"]
[BlackElo "2353"]
[PlyCount "85"]
[GameId "2129405095560068"]
[EventDate "2008.07.02"]
[EventType "swiss"]
[EventRounds "9"]
[EventCountry "USA"]
[SourceTitle "The Week in Chess 713"]
[Source "Mark Crowther"]
[SourceDate "2008.07.08"]
[SourceVersion "1"]
[SourceVersionDate "2008.07.08"]
[SourceQuality "2"]

1. e4 c5 2. Nf3 e6 3. d4 cxd4 4. Nxd4 a6 5. Bd3 Ne7 6. O-O Nbc6 7. Nxc6 Nxc6 8. Nc3 Bc5 9. Kh1 d6 10. f4 Bd4 11. Qe1 Nb4 12. Be3 Nxd3 13. cxd3 Bf6 14. a4 O-O 15. a5 Bd7 16. Bb6 Qb8 17. d4 Bd8 18. f5 Bxb6 19. axb6 f6 20. Qg3 Rf7 21. Rac1 Qf8 22. d5 e5 23. Nb1 Bb5 24. Rf3 Rc8 25. Rfc3 Rxc3 26. Qxc3 Qd8 27. Qc8 Qxc8 28. Rxc8+ Rf8 29. Rc7 Rf7 30. Nc3 Be8 31. Rc8 Kf8 32. Nd1 Ke7 33. Rb8 Bd7 34. Rxb7 Rf8 35. Ra7 Rc8 36. Nc3 Rc4 37. Rxa6 Rb4 38. Ra2 Rxb6 39. Kg1 g6 40. fxg6 hxg6 41. Kf2 f5 42. g3 Rb4 43. Ke3 1/2-1/2

[Event "World op"]
[Site "Philadelphia USA"]
[Date "2008.07.03"]
[Round "3"]
[White "Adamson, Robby"]
[Black "Hansen, Eric"]
[Result "0-1"]
[WhiteElo "2346"]
[BlackElo "2268"]
[PlyCount "98"]
[GameId "2129405095560080"]
[EventDate "2008.07.02"]
[EventType "swiss"]
[EventRounds "9"]
[EventCountry "USA"]
[SourceTitle "The Week in Chess 713"]
[Source "Mark Crowther"]
[SourceDate "2008.07.08"]
[SourceVersion "1"]
[SourceVersionDate "2008.07.08"]
[SourceQuality "2"]

1. e4 e6 2. d4 d5 3. Nc3 Bb4 4. e5 b6 5. Qg4 Kf8 6. a3 Bxc3+ 7. bxc3 Ba6 8. Bxa6 Nxa6 9. Ne2 Qd7 10. a4 Ne7 11. O-O Nb8 12. Nf4 Nbc6 13. Nh5 Rg8 14. Ba3 Ke8 15. f4 Kd8 16. Qh3 Kc8 17. Ng3 Nf5 18. Nxf5 exf5 19. Qxh7 Kb7 20. Rfe1 Na5 21. Bb4 Nc4 22. a5 a6 23. Qh3 Rac8 24. Qd3 g5 25. fxg5 Rxg5 26. axb6 cxb6 27. Re2 a5 28. Bd6 Rg4 29. Qf3 Re4 30. Rf1 Nxd6 31. exd6 Qxd6 32. Rd2 f4 33. Qh5 Rxc3 34. Qxf7+ Rc7 35. Qf5 a4 36. h3 a3 37. Qh5 Rce7 38. Qd1 Qb4 39. Qc1 Qb2 40. c3 Qxc1 41. Rxc1 Re1+ 42. Rxe1 Rxe1+ 43. Kf2 Re3 44. Rc2 Kc6 45. h4 Kb5 46. h5 Kc4 47. h6 Re6 48. h7 Rh6 49. Rc1 a2 0-1

[Event "World op"]
[Site "Philadelphia USA"]
[Date "2008.07.04"]
[Round "4"]
[White "Ippolito, Dean"]
[Black "Hansen, Eric"]
[Result "1/2-1/2"]
[WhiteElo "2445"]
[BlackElo "2268"]
[PlyCount "62"]
[GameId "2129405095560115"]
[EventDate "2008.07.02"]
[EventType "swiss"]
[EventRounds "9"]
[EventCountry "USA"]
[SourceTitle "The Week in Chess 713"]
[Source "Mark Crowther"]
[SourceDate "2008.07.08"]
[SourceVersion "1"]
[SourceVersionDate "2008.07.08"]
[SourceQuality "2"]

1. d4 Nf6 2. c4 c5 3. d5 b5 4. Nf3 Bb7 5. a4 b4 6. Nbd2 g6 7. b3 d6 8. Bb2 Bg7 9. Qc2 O-O 10. e4 Nbd7 11. Be2 e6 12. O-O Re8 13. Rfe1 exd5 14. exd5 Qc7 15. h3 Re7 16. Bd3 Rae8 17. Nf1 Rxe1 18. Rxe1 Rxe1 19. Nxe1 Qd8 20. Nf3 Qe7 21. Ng3 Ne8 22. Bxg7 Kxg7 23. Qd2 Bc8 24. h4 Ne5 25. Qb2 f6 26. Nxe5 Qxe5 27. Qxe5 fxe5 28. h5 Nf6 29. hxg6 hxg6 30. f3 Nh5 31. Kf2 Nxg3 1/2-1/2

[Event "World op"]
[Site "Philadelphia USA"]
[Date "2008.07.04"]
[Round "5"]
[White "Hansen, Eric"]
[Black "Mohota, Nisha"]
[Result "1-0"]
[WhiteElo "2268"]
[BlackElo "2354"]
[PlyCount "83"]
[GameId "2129405095560139"]
[EventDate "2008.07.02"]
[EventType "swiss"]
[EventRounds "9"]
[EventCountry "USA"]
[SourceTitle "The Week in Chess 713"]
[Source "Mark Crowther"]
[SourceDate "2008.07.08"]
[SourceVersion "1"]
[SourceVersionDate "2008.07.08"]
[SourceQuality "2"]

1. e4 e5 2. Nf3 Nc6 3. Bc4 Nf6 4. d3 Bc5 5. c3 d6 6. Nbd2 a6 7. Bb3 Ba7 8. O-O O-O 9. h3 Ne7 10. Re1 Ng6 11. Nf1 Nh5 12. d4 Qe8 13. Ne3 Nhf4 14. Nf5 Kh8 15. g3 Ne6 16. Kg2 f6 17. h4 Ne7 18. h5 Ng5 19. N3h4 Bxf5 20. exf5 c5 21. Rh1 c4 22. Ng6+ Nxg6 23. hxg6 h6 24. Bc2 e4 25. Bxg5 fxg5 26. Qg4 d5 27. Qxg5 Kg8 28. Qg4 Rf6 29. f3 Qb5 30. Rab1 e3 31. Rhe1 Re8 32. f4 Qd7 33. Qf3 Rxf5 34. Qg4 Re4 35. Bxe4 dxe4 36. Rxe3 Qe6 37. Rbe1 h5 38. Qh4 Qxg6 39. Rxe4 Qc6 40. Qd8+ Kh7 41. Qe8 Qd5 42. Qe6 1-0

[Event "World op"]
[Site "Philadelphia USA"]
[Date "2008.07.05"]
[Round "7"]
[White "Venkatesh, Marani Rajendran"]
[Black "Hansen, Eric"]
[Result "1/2-1/2"]
[WhiteElo "2462"]
[BlackElo "2268"]
[PlyCount "81"]
[GameId "2129405095560201"]
[EventDate "2008.07.02"]
[EventType "swiss"]
[EventRounds "9"]
[EventCountry "USA"]
[SourceTitle "The Week in Chess 713"]
[Source "Mark Crowther"]
[SourceDate "2008.07.08"]
[SourceVersion "1"]
[SourceVersionDate "2008.07.08"]
[SourceQuality "2"]

1. e4 e6 2. d4 d5 3. Nd2 Nf6 4. e5 Nfd7 5. Bd3 c5 6. c3 Nc6 7. Ne2 cxd4 8. cxd4 f6 9. exf6 Nxf6 10. Nf3 Bd6 11. O-O Qc7 12. Bg5 O-O 13. Bh4 Nh5 14. Nc3 a6 15. Re1 g6 16. Bg3 Nxg3 17. hxg3 Qg7 18. Be2 g5 19. Na4 g4 20. Ne5 Nxe5 21. dxe5 Bxe5 22. Bxg4 Bd4 23. Bf3 Bd7 24. Nc3 Rxf3 25. Qxf3 Rf8 26. Qe2 Rxf2 27. Qxf2 Bxf2+ 28. Kxf2 Qd4+ 29. Kf1 Qb4 30. Rab1 d4 31. Ne4 Bb5+ 32. Kg1 Bd3 33. a3 Qb6 34. Rbd1 Bc2 35. Rd2 d3+ 36. Rf2 Kg7 37. b4 Qd4 38. Nd2 Qd5 39. Nf3 Qd6 40. Re4 Qb6 41. Nd4 1/2-1/2

[Event "World op"]
[Site "Philadelphia USA"]
[Date "2008.07.06"]
[Round "8"]
[White "Bartholomew, John"]
[Black "Hansen, Eric"]
[Result "1/2-1/2"]
[WhiteElo "2440"]
[BlackElo "2268"]
[PlyCount "58"]
[GameId "2129405095560205"]
[EventDate "2008.07.02"]
[EventType "swiss"]
[EventRounds "9"]
[EventCountry "USA"]
[SourceTitle "The Week in Chess 713"]
[Source "Mark Crowther"]
[SourceDate "2008.07.08"]
[SourceVersion "1"]
[SourceVersionDate "2008.07.08"]
[SourceQuality "2"]

1. Nf3 c5 2. c4 Nc6 3. d4 cxd4 4. Nxd4 Nf6 5. Nc3 g6 6. e4 Bg7 7. Be3 d6 8. Be2 O-O 9. O-O Nxd4 10. Bxd4 Be6 11. f4 Qa5 12. Qd3 Rfd8 13. Kh1 Rac8 14. Nd5 Bxd5 15. exd5 Nd7 16. Bxg7 Kxg7 17. a3 Rc7 18. b4 Qb6 19. g4 Rdc8 20. Rac1 a5 21. Qc3+ Kg8 22. g5 Qa7 23. Qd2 b5 24. cxb5 Rxc1 25. Rxc1 Rxc1+ 26. Qxc1 axb4 27. axb4 Qf2 28. Qc8+ Kg7 29. Qxd7 Qe1+ 1/2-1/2

[Event "Philadelphia int."]
[Site "Philadelphia USA"]
[Date "2008.06.28"]
[Round "4"]
[White "Kuenitz, Klaus"]
[Black "Hansen, Eric"]
[Result "0-1"]
[WhiteElo "1674"]
[BlackElo "2241"]
[PlyCount "52"]
[GameId "2129405095754425"]
[EventDate "2008.06.26"]
[EventType "swiss"]
[EventRounds "9"]
[EventCountry "USA"]
[SourceTitle "The Week in Chess 713"]
[Source "Mark Crowther"]
[SourceDate "2008.07.08"]
[SourceVersion "1"]
[SourceVersionDate "2008.07.08"]
[SourceQuality "2"]

1. d4 Nf6 2. c4 g6 3. Bf4 Bg7 4. e3 O-O 5. Nf3 d6 6. Be2 c6 7. O-O Nh5 8. Bg3 h6 9. Bh4 g5 10. Nfd2 Nf6 11. Bg3 Nh7 12. Nc3 f5 13. f4 gxf4 14. Bxf4 e5 15. dxe5 dxe5 16. Bg3 Qb6 17. Bf2 Qxb2 18. Rc1 Qa3 19. e4 Na6 20. c5 Rd8 21. Bc4+ Kh8 22. Bb3 Qb4 23. Be1 Nxc5 24. exf5 Nxb3 25. axb3 b5 26. Ncb1 Qd4+ 0-1

[Event "Philadelphia int."]
[Site "Philadelphia USA"]
[Date "2008.06.29"]
[Round "6"]
[White "Karavade, Eesha"]
[Black "Hansen, Eric"]
[Result "1-0"]
[WhiteElo "2303"]
[BlackElo "2241"]
[PlyCount "93"]
[GameId "2129405095754440"]
[EventDate "2008.06.26"]
[EventType "swiss"]
[EventRounds "9"]
[EventCountry "USA"]
[SourceTitle "The Week in Chess 713"]
[Source "Mark Crowther"]
[SourceDate "2008.07.08"]
[SourceVersion "1"]
[SourceVersionDate "2008.07.08"]
[SourceQuality "2"]

1. d4 Nf6 2. c4 g6 3. Nc3 Bg7 4. e4 d6 5. Nf3 O-O 6. Be2 e5 7. Be3 Ng4 8. Bg5 f6 9. Bh4 g5 10. Bg3 Nh6 11. d5 Nd7 12. Nd2 f5 13. exf5 Nxf5 14. Nde4 Nd4 15. Bd3 Nb6 16. Qh5 Bf5 17. h4 g4 18. Qg5 c6 19. O-O-O Rc8 20. Kb1 cxd5 21. Qxd8 Rfxd8 22. cxd5 Nc4 23. h5 h6 24. b3 Nb6 25. Kb2 Rd7 26. Rc1 Rdc7 27. Rhd1 Bf8 28. f4 gxf3 29. gxf3 Rg7 30. Bf2 Rg2 31. Rg1 Rxg1 32. Rxg1+ Kh8 33. Bh4 Rxc3 34. Bf6+ Kh7 35. Kxc3 Nxd5+ 36. Kb2 Nf4 37. Bc4 Be6 38. Bxe6 Ndxe6 39. Bxe5 Nxh5 40. Nxd6 Nhf4 41. Ne4 h5 42. Ng5+ Nxg5 43. Rxg5 Nd3+ 44. Kc2 Nb4+ 45. Kb1 Kh6 46. Rg8 Bc5 47. Bf4+ 1-0

[Event "Philadelphia int."]
[Site "Philadelphia USA"]
[Date "2008.06.29"]
[Round "7"]
[White "Ramaswamy, Aarthie"]
[Black "Hansen, Eric"]
[Result "1/2-1/2"]
[WhiteElo "2298"]
[BlackElo "2241"]
[PlyCount "43"]
[GameId "2129405095754449"]
[EventDate "2008.06.26"]
[EventType "swiss"]
[EventRounds "9"]
[EventCountry "USA"]
[SourceTitle "The Week in Chess 713"]
[Source "Mark Crowther"]
[SourceDate "2008.07.08"]
[SourceVersion "1"]
[SourceVersionDate "2008.07.08"]
[SourceQuality "2"]

1. e4 c5 2. Nf3 e6 3. d4 cxd4 4. Nxd4 a6 5. Nc3 Qc7 6. Be2 Nf6 7. O-O d6 8. a4 Be7 9. Kh1 O-O 10. f4 Nc6 11. Be3 Bd7 12. Nb3 Nb4 13. Bf3 Bc6 14. Nd4 d5 15. e5 Ne4 16. Nce2 a5 17. c3 Na6 18. Bxe4 dxe4 19. Nxc6 Qxc6 20. Ng3 Bc5 21. Re1 f5 22. exf6 1/2-1/2